V de vulnerable : (Registro nro. 30243)
[ vista simple ]
| 000 -LEADER | |
|---|---|
| fixed length control field | 00693nam a22001457a 4500 |
| 003 - CONTROL NUMBER IDENTIFIER | |
| control field | OSt |
| 005 - DATE AND TIME OF LATEST TRANSACTION | |
| control field | 20230919183833.0 |
| 008 - FIXED-LENGTH DATA ELEMENTS--GENERAL INFORMATION | |
| fixed length control field | 230919b |||||||| |||| 00| 0 eng d |
| 040 ## - CATALOGING SOURCE | |
| Transcribing agency | CO-JMCR |
| 082 04 - DEWEY DECIMAL CLASSIFICATION NUMBER | |
| Classification number | C / |
| Item number | VDEs |
| 100 10 - MAIN ENTRY--PERSONAL NAME | |
| Personal name | Godin, Seth, |
| Relator term | autor |
| 9 (RLIN) | 42910 |
| 245 ## - TITLE STATEMENT | |
| Title | V de vulnerable : |
| Statement of responsibility, etc. | la vida fuera de la zona de confort / |
| 520 ## - SUMMARY, ETC. | |
| Summary, etc. | V de vulnerable es un abecedario para adultos escrito por el gurú del marketing Seth Godin e ilustrado por Hugh MacLeod. En él, pretenden conseguir que dejes de ser un mero espectador, un peón del sistema industrial en el que nos criamos, y quizá, sólo quizá, te levantes y lleves a cabo algo que en un principio te asusta |
| 942 ## - ADDED ENTRY ELEMENTS (KOHA) | |
| Source of classification or shelving scheme | Dewey Decimal Classification |
| Koha item type | Books |
| Withdrawn status | Lost status | Source of classification or shelving scheme | Damaged status | Not for loan | Collection code | Home library | Current library | Date acquired | Total Checkouts | Full call number | Date last seen | Copy number | Price effective from | Koha item type |
|---|---|---|---|---|---|---|---|---|---|---|---|---|---|---|
| Dewey Decimal Classification | Fiction | Biblioteca Pública José María del Castillo y Rada | Biblioteca Pública José María del Castillo y Rada | 09/19/2023 | CA GODs | 09/19/2023 | Ej.1 | 09/19/2023 | Books |